📖 150 premiers mots "Et si c'était vrai..." Marc Levy - Statistiques

Statistiques générales
  • Ce quiz a Ă©tĂ© pris 11 fois
  • Le rĂ©sultat moyen est 81 sur 150
Statistiques - réponses
Mots % Correct
Ă 
100%
d'
100%
de
100%
et
100%
Green Street,
100%
Kali
100%
L'
100%
l'
100%
la
100%
Lauren
100%
Le
100%
le
100%
s'
100%
San Francisco
100%
Union Street, ...
100%
victorienne
100%
dans
89%
Il
89%
il
89%
que
89%
qui
89%
un
89%
une
89%
en
78%
était
78%
se
78%
sur
78%
appartement
67%
au
67%
Au
67%
avec
67%
les
67%
Les
67%
maison
67%
sous
67%
par
56%
son
56%
cuisine
44%
grand
44%
salle
44%
salon-
44%
table
44%
Toute
44%
bains
33%
chambre
33%
composait
33%
dernier
33%
étage
33%
grande
33%
nuit
33%
petit
33%
1996.
22%
celles
22%
cinq
22%
Été
22%
fenĂŞtre.
22%
heures
22%
lumière
22%
milieu
22%
parquet
22%
posé
22%
sol
22%
anciens
11%
blancs
11%
blond
11%
bois
11%
clair
11%
couette
11%
dégageait.
11%
dessins
11%
dormait,
11%
lit.
11%
maisonnée
11%
murs
11%
ornaient
11%
trente,
11%
venait
11%
américaine,
0%
aubes
0%
baignée
0%
blanchies
0%
carreaux
0%
chienne
0%
chinés
0%
couchée
0%
déversent.
0%
dorée,
0%
dressing,
0%
élargies,
0%
enfouie
0%
étant
0%
galeries
0%
lattes
0%
noirs
0%
peints
0%
peinture
0%
pochoir.
0%
quadrillées
0%
réveil
0%
seules
0%
sonner.
0%
surprenait
0%
tapis,
0%
tendresse
0%
vaste
0%
Aucun quiz correspondant
Distribution des résultats
% des personnes avec chaque résultat
Percentile par nombre de réponses
Votre historique - résultats
Vous n’avez pas pris ce quiz